The urinary system
This collection of 22 tutorials is aimed at undergraduate students of veterinary pathology. Individual tutorials cover a variety of diseases affecting the kidney and the lower urinary tract and include a wide range of illustrations of gross and microscopic lesions. The tutorials includes many questi...
Tallennettuna:
| Päätekijä: | |
|---|---|
| Aineistotyyppi: | Kirja |
| Kieli: | Undetermined |
| Julkaistu: |
British, UK
The University of Bristol
1998
|
| Aiheet: | |
| Tagit: |
Lisää tagi
Ei tageja, Lisää ensimmäinen tagi!
|
| Thư viện lưu trữ: | Trung tâm Học liệu Trường Đại học Cần Thơ |
|---|
| LEADER | 01113nam a2200217Ia 4500 | ||
|---|---|---|---|
| 001 | CTU_102614 | ||
| 008 | 210402s9999 xx 000 0 und d | ||
| 020 | |c 68.18 | ||
| 082 | |a 616.6 | ||
| 082 | |b B879 | ||
| 100 | |a Brown, Peter | ||
| 245 | 4 | |a The urinary system | |
| 245 | 0 | |c Peter Brown | |
| 260 | |a British, UK | ||
| 260 | |b The University of Bristol | ||
| 260 | |c 1998 | ||
| 520 | |a This collection of 22 tutorials is aimed at undergraduate students of veterinary pathology. Individual tutorials cover a variety of diseases affecting the kidney and the lower urinary tract and include a wide range of illustrations of gross and microscopic lesions. The tutorials includes many questions, often relating to illustrations, that prompt a student to consider a disease process or its effects. Two tutorials cover radiography of the kidney and urinary tract and three deal with urinalysis | ||
| 650 | |a Urinary organs,Laboratory animals,Urologic diseases,Animals, laboratory | ||
| 650 | |x Diseases,Diseases,Veterinary | ||
| 904 | |i M.Loan, H.Mai | ||
| 980 | |a Trung tâm Học liệu Trường Đại học Cần Thơ | ||